000 00942nam a2200301Ia 4500
001 57457
003 IT-RoPAU
008 130308s9999 xx 000 0 und d
040 _aIT-RoPAU
040 _cIT-RoPAU
041 _aINGLESE
100 _aLovell Terry
100 _gCodice Aut. SPICS: 4483
245 _aSociology of Aesthetic Structures and Contextualism
245 _bSociology Of Mass Communications (II Edizione)
250 _a2a ed.
260 _aENGLAND
260 _bPenguin Books
260 _c1976 [1° Ed.:1972 - Ed.Ling.Originale:1972]
300 _a"21 p. (prefazione: no ; testo: 21 [pagine: 329-349])"
500 _aSociologia delle strutture Estetiche e Contestualismo Strutturalismo e Ideologia Paradigmi e Creatività New Wave Francese
650 _aSOCIOLOGIA DELLA COMUNICAZIONE SOCIALE
650 _eCodice materia Spics: 3806
942 _cBK
957 _71
999 _c44540
_d44540
999 _bSI
999 _g1